000 00352nam a2200157Ia 4500
003 0STCL
008 150530s9999 xx 000 0 und d
040 _aSTCL
_cSTCL
100 _aWalter De La Mare
245 _aOn the edge
260 _bFaber and Faber
_c1932
546 _aEnglish
942 _2ddc
_cBK
999 _c45440
_d45440
005 20220125170650.0